[Event "1 Torneo Un matto all'ora"]
[Site "?"]
[Date "2019.02.16"]
[Round "2"]
[White "Perogio, Lorenzo"]
[Black "Giacometti, Carlo"]
[Result "1/2-1/2"]
[WhiteElo "1796"]
[BlackElo "1969"]
[PlyCount "91"]
[EventDate "2019.02.16"]

1. Nf3 d5 2. g3 c5 3. Bg2 Nc6 4. O-O e5 5. d3 Bd6 6. Nbd2 Nge7 7. e4 d4 8. Ng5
f6 9. Nh3 Be6 10. f4 Qd7 11. f5 Bf7 12. g4 h6 13. b3 Nb4 14. Nc4 b5 15. Nxd6+
Qxd6 16. a4 bxa4 17. Rxa4 Nc8 18. Bd2 Nb6 19. Ra5 Nc6 20. Ra6 O-O 21. Nf2 Nb4
22. Ra1 a5 23. Qc1 Kh7 24. h4 a4 25. g5 hxg5 26. hxg5 fxg5 27. bxa4 Nxa4 28.
Bxb4 cxb4 29. Qxg5 Qf6 30. Qg3 Nc3 31. Ng4 Ne2+ 32. Kf2 Nxg3 33. Nxf6+ gxf6 34.
Kxg3 Ra3 35. Rh1+ Kg7 36. Rab1 b3 37. cxb3 Bxb3 38. Bf3 Bc2 39. Rbg1 Rg8 40.
Kf2+ Kf8 41. Rxg8+ Kxg8 42. Be2 Rb3 43. Rh3 Kg7 44. Ke1 Rb1+ 45. Kd2 Ba4 46.
Rh4 1/2-1/2